Loading...
| Science - Other | 0 | 7 | 0 | 3 | 70 | 73 | 107.00 | 1 | 3 | 0.00 | 0.00 |
| Science - Physics | 0 | 4 | 1 | 1 | 35 | 45 | 78.75 | 1 | 2 | 0.00 | 0.00 |
| Religion | 0 | 3 | 0 | 2 | 30 | 98 | 120.00 | 0 | 0 | 0.00 | 0.00 |
| Science - Chemistry | 0 | 3 | 0 | 1 | 30 | 87 | 108.00 | 0 | 1 | 0.00 | 0.00 |
| Geography/Current Events | 0 | 2 | 0 | 1 | 20 | 74 | 101.50 | 0 | 2 | 0.00 | 0.00 |
| History - Other | 0 | 2 | 0 | 1 | 20 | 95 | 112.00 | 0 | 0 | 0.00 | 0.00 |
| Fine Arts - Classical Music | 0 | 1 | 0 | 1 | 10 | 135 | 135.00 | 0 | 0 | 0.00 | 0.00 |
| Fine Arts - Other | 0 | 1 | 0 | 0 | 10 | 75 | 75.00 | 0 | 1 | 0.00 | 0.00 |
| Fine Arts - Visual | 0 | 1 | 0 | 1 | 10 | 124 | 124.00 | 0 | 0 | 0.00 | 0.00 |
| History - European | 0 | 1 | 0 | 1 | 10 | 113 | 113.00 | 0 | 0 | 0.00 | 0.00 |
| Philosophy | 0 | 1 | 0 | 0 | 10 | 66 | 66.00 | 0 | 1 | 0.00 | 0.00 |
| Literature - British | 0 | 0 | 1 | 0 | -5 | 0.00 | 0 | 0 | 0.00 | 0.00 |